| 000 | 01315nam a2200325Ia 4500 | ||
|---|---|---|---|
| 001 | ebr10404973 | ||
| 003 | CaPaEBR | ||
| 006 | m u | ||
| 007 | cr cn||||||||| | ||
| 008 | 100302s2010 inu sbf 001 0 eng d | ||
| 010 | _z 2010008669 | ||
| 020 | _z9781930538955 | ||
| 040 |
_aCaPaEBR _cCaPaEBR |
||
| 035 | _a(OCoLC)645189437 | ||
| 050 | 1 | 4 |
_aRT89.3 _b.M46 2010eb |
| 082 | 0 | 4 |
_a362.17/3068 _222 |
| 100 | 1 |
_aMcNally, Kimberly A., _d1958- |
|
| 245 | 1 | 4 |
_aThe nurse executive's coaching manual _h[electronic resource] / _cKimberly A. McNally, Liz Cunningham. |
| 260 |
_aIndianapolis, IN : _bSigma Theta Tau International, _cc2010. |
||
| 300 | _axvii, 347 p. | ||
| 504 | _aIncludes bibliographical references and index. | ||
| 533 |
_aElectronic reproduction. _bPalo Alto, Calif. : _cebrary, _d2010. _nAvailable via World Wide Web. _nAccess may be limited to ebrary affiliated libraries. |
||
| 650 | 0 |
_aNurse administrators _vHandbooks, manuals, etc. |
|
| 650 | 0 |
_aExecutive coaching _vHandbooks, manuals, etc. |
|
| 655 | 7 |
_aElectronic books. _2local |
|
| 700 | 1 |
_aCunningham, Liz, _d1942- |
|
| 710 | 2 | _aSigma Theta Tau International. | |
| 710 | 2 | _aebrary, Inc. | |
| 856 | 4 | 0 |
_uhttp://site.ebrary.com/lib/rucke/Doc?id=10404973 _zAn electronic book accessible through the World Wide Web; click to view |
| 999 |
_c82095 _d82095 |
||